| 000 | 01053nam a22002297a 4500 | ||
|---|---|---|---|
| 005 | 20240530110335.0 | ||
| 008 | 140904b ua o|||f ||||o00| 0 ar d | ||
| 017 |
_a2008/24930 _bمصر . دار الكتب المصرية |
||
| 020 | _a9789774790201 | ||
| 040 | _aEG-CaGPL | ||
| 082 | 0 | 4 |
_221 _a737.4 _bم د |
| 100 | 0 | _aمحمد ابوالفتوح محمود غنيم | |
| 245 | 0 |
_aدراسة علمية وتطبيقية فى علاج وصيانة العملات الاثرية المعدنية / _cمحمد ابوالفتوح محمود غنيم |
|
| 260 |
_aالقاهرة : _bالمجلس الاعلى للاثار |
||
| 300 |
_a383 ص : _bصور ؛ _c24 سم |
||
| 490 |
_aنحو وعى حضارى معاصر سلسلة الثقافة الاثرية والتاريخية مشروع المائة كتاب _v56 |
||
| 650 | 0 | 7 | _xالعملات الاثرية - صيانة |
| 650 | 0 | 7 | _xالعملات الاثرية - تاريخ |
| 653 | 0 | 4 | _aالعملات الاثرية - حماية |
| 700 | 0 |
_aزاهى حواس _eمقدم |
|
| 942 |
_2ddc _cBK |
||
| 999 |
_c59766 _d59766 |
||